| 000 | nam a22 7a 4500 | ||
|---|---|---|---|
| 999 |
_c17188 _d17188 |
||
| 008 | 161122b xxu||||| |||| 00| 0 eng d | ||
| 020 | _a9604652 | ||
| 050 | _aN 7349 .C45A4 1980 | ||
| 100 | _aChi, Chen | ||
| 245 |
_aWatercolors, Drawings, Sketches/ _cChen Chi |
||
| 260 |
_aNew York: _bChen Chi Studios, _c1980 |
||
| 300 |
_a105p. : _bill. ; _c25 cm |
||
| 650 |
_aChen Chi _y1970 |
||
| 942 |
_2lcc _cBOOKS _hN 7349 .C45A4 1980 |
||